BILLBOARD'S Greatest 100 Artists Of All Time - Statistics

General Stats
  • This quiz has been taken 4,492 times
    2,801 since last reset
  • The average score is 20 of 100
Answer Stats
Hint Answer % Correct
8 Michael Jackson
79%
1 The Beatles
79%
7 Janet Jackson
66%
39 Beyonce
61%
2 Madonna
60%
3 Elton John
59%
45 George Michael
58%
4 Elvis Presley
57%
34 Taylor Swift
56%
10 The Rolling Stones
56%
85 Eminem
50%
13 Rihanna
47%
9 Whitney Houston
47%
86 Jay Z
45%
5 Mariah Carey
44%
18 Prince
42%
24 Katy Perry
41%
53 P!nk
37%
89 Kanye West
36%
21 Aretha Franklin
35%
68 Lady Gaga
34%
83 Celine Dion
32%
90 Justin Timberlake
30%
6 Stevie Wonder
30%
25 Billy Joel
25%
11 Paul McCartney
25%
30 The Beach Boys
25%
92 Bruce Springsteen
24%
12 Bee Gees
22%
61 Bruno Mars
22%
26 Diana Ross
22%
62 Eagles
22%
43 Cher
21%
52 Bon Jovi
20%
67 Chris Brown
20%
44 Maroon 5
20%
22 Marvin Gaye
20%
14 Usher
20%
75 James Brown
19%
88 Fleetwood Mac
18%
23 Phil Collins
18%
55 Ray Charles
18%
16 The Supremes
17%
96 50 Cent
16%
82 Destiny's Child
15%
31 Lionel Richie
14%
41 Barbra Streisand
13%
46 The Black Eyed Peas
13%
77 Alicia Keys
12%
42 Bryan Adams
12%
29 Donna Summer
12%
28 The Temptations
12%
15 Chicago
11%
50 Huey Lewis & The News
11%
79 Kelly Clarkson
11%
19 Rod Stewart
11%
63 TLC
10%
59 Duran Duran
9%
32 Neil Diamond
9%
20 Olivia Newton-John
9%
35 Boyz II Men
8%
66 Dionne Warwick
8%
38 Kenny Rogers
8%
71 Nelly
8%
95 Four Tops
7%
76 Paula Abdul
7%
33 Carpenters
6%
56 Foreigner
6%
94 John Denver
6%
58 Ricky Nelson
6%
74 R. Kelly
6%
27 The 4 Seasons
6%
36 The Jacksons
6%
100 Andy Gibb
5%
65 Barry Manilow
5%
40 Brenda Lee
5%
69 Gladys Knight And The Pips
5%
51 Gloria Estefan
5%
70 Heart
5%
87 Bob Seger
4%
54 Chubby Checker
4%
60 Commodores
4%
17 Daryl Hall & John Oates
4%
48 John Mellencamp
4%
64 Paul Anka
4%
72 The Everly Brothers
4%
37 Connie Francis
3%
78 Linda Ronstadt
3%
91 Neil Sedaka
3%
80 Richard Marx
3%
84 The Miracles
3%
49 Three Dog Night
3%
73 Bobby Darin
2%
47 Bobby Vinton
2%
57 Kool & The Gang
2%
81 Starship
2%
98 The 5th Dimension
2%
93 The Pointer Sisters
2%
99 Captain & Tenille
1%
97 Tony Orlando & Dawn
1%
No matching quizzes found
Score Distribution
Percent of People with Each Score
Percentile by Number Answered
Your Score History
You have not taken this quiz since the last reset